| 000 | 00414nam a2200169 a 4500 | ||
|---|---|---|---|
| 001 | 3945 | ||
| 005 | 20180713183838.0 | ||
| 008 | 140415s1984 mx 000 0 spa d | ||
| 041 | _aspa | ||
| 082 |
_a972 _bBRA |
||
| 100 | 1 | _aBRAVO UGARTE, JOSE | |
| 245 | 1 | 0 | _aCOMPENDIO DE HISTORIA DE MEXICO |
| 250 | _a12ed. | ||
| 260 |
_aMEXICO : _bJUS, _c1984 |
||
| 300 | _a364 | ||
| 650 | 1 | 4 |
_aMEXICO _xHISTORIA |
| 999 |
_c3945 _d3945 |
||